[Event "SN-2014-0-00584"]
[Site "LSS email"]
[Date "2014.03.26"]
[Round "?"]
[White "Lombardi, Donato"]
[Black "Schuster, Beate"]
[Result "1-0"]
[WhiteElo "875"]
[BlackElo "655"]
[PlyCount "57"]
[EventDate "2014.03.10"]
[EventType "tourn (corr)"]
[EventRounds "6"]
[EventCountry "GER"]
[SourceTitle "Telechess CBM 167"]
[Source "ChessBase"]
[SourceDate "2015.07.13"]
[SourceVersion "1"]
[SourceVersionDate "2015.07.13"]
[SourceQuality "1"]

1. e4 e5 2. Nf3 Nf6 3. Nxe5 Qe7 4. d4 d6 5. Nf3 Qxe4+ 6. Be2 Bg4 7. 0-0 Be7 8. Nc3 Qg6 9. h3 Bxf3 10. Bxf3 c6 11. Bf4 d5 12. Be5 Nbd7 13. Re1 0-0 14. Bg3 Rfe8 15. Ne2 Ne4 16. Bxe4 Qxe4 17. Nf4 Qf5 18. Qf3 Qxc2 19. Nh5 Bg5 20. Rxe8+ Rxe8 21. h4 Qxb2 22. Rf1 Bh6 23. Qg4 Re6 24. f4 Qxd4+ 25. Kh2 Nf6 26. Nxf6+ Qxf6 27. f5 Re4 28. Qf3 Qe7 29. Qh5 1-0

[Event "SN-2014-0-00584"]
[Site "LSS email"]
[Date "2014.03.26"]
[Round "?"]
[White "Ortega, Rayner"]
[Black "Schuster, Beate"]
[Result "1-0"]
[WhiteElo "619"]
[BlackElo "655"]
[PlyCount "37"]
[EventDate "2014.03.10"]
[EventType "tourn (corr)"]
[EventRounds "6"]
[EventCountry "GER"]
[SourceTitle "Telechess CBM 167"]
[Source "ChessBase"]
[SourceDate "2015.07.13"]
[SourceVersion "1"]
[SourceVersionDate "2015.07.13"]
[SourceQuality "1"]

1. e4 c5 2. c3 Nc6 3. d4 cxd4 4. cxd4 d5 5. e5 Bf5 6. Be2 e6 7. Be3 Bb4+ 8. Kf1 Rc8 9. a3 Be7 10. h3 h6 11. Nc3 a6 12. g4 Bh7 13. f4 f6 14. g5 fxg5 15. fxg5 Bxg5 16. Bf2 Nge7 17. Bh5+ Ng6 18. h4 Be7 19. Qg4 1-0

[Event "SN-2014-0-00584"]
[Site "LSS email"]
[Date "2014.03.26"]
[Round "?"]
[White "Schuster, Beate"]
[Black "Newton, Daryl"]
[Result "0-1"]
[WhiteElo "655"]
[BlackElo "531"]
[PlyCount "33"]
[EventDate "2014.03.10"]
[EventType "tourn (corr)"]
[EventRounds "6"]
[EventCountry "GER"]
[SourceTitle "Telechess CBM 167"]
[Source "ChessBase"]
[SourceDate "2015.07.13"]
[SourceVersion "1"]
[SourceVersionDate "2015.07.13"]
[SourceQuality "1"]

1. e4 e5 2. Nf3 Qf6 3. b3 Bc5 4. Bb2 a5 5. Bc4 c6 6. a4 Nh6 7. Bxe5 Qg6 8. 0-0 0-0 9. d4 Bd6 10. Nh4 Qg5 11. Bxd6 Qxh4 12. Bxf8 Kxf8 13. Qf3 d5 14. exd5 Ng4 15. h3 h5 16. dxc6 Nxc6 17. Qxf7# 0-1

[Event "SN-2014-0-00582"]
[Site "LSS email"]
[Date "2014.03.17"]
[Round "?"]
[White "Schuster, Beate"]
[Black "Sohum, Oezdemir"]
[Result "0-1"]
[WhiteElo "832"]
[BlackElo "800"]
[PlyCount "47"]
[EventDate "2014.03.02"]
[EventType "tourn (corr)"]
[EventRounds "6"]
[EventCountry "GER"]
[SourceTitle "Corr 2022"]
[Source "ChessBase"]
[SourceDate "2021.10.24"]
[SourceVersion "1"]
[SourceVersionDate "2021.10.24"]
[SourceQuality "1"]

1. e4 e5 2. f4 exf4 3. Nf3 Nf6 4. Nc3 d5 5. exd5 Nxd5 6. Bc4 Nxc3 7. bxc3 Nc6 8. d4 Bd6 9. Qe2+ Qe7 10. Qxe7+ Bxe7 11. Bxf4 Bd7 12. 0-0 Rc8 13. Rae1 0-0 14. Ne5 Nxe5 15. Bxe5 c5 16. Bb3 c4 17. Bxc4 Rxc4 18. Bxg7 Kxg7 19. Rxe7 Bc6 20. Re3 Re8 21. Rg3+ Kf8 22. Kf2 b5 23. Rc1 Be4 24. Re3 0-1

[Event "SN-2014-0-00579"]
[Site "LSS email"]
[Date "2014.03.05"]
[Round "?"]
[White "Devies, Stefaan"]
[Black "Schuster, Beate"]
[Result "1-0"]
[WhiteElo "902"]
[BlackElo "655"]
[PlyCount "43"]
[EventDate "2014.02.15"]
[EventType "tourn (corr)"]
[EventRounds "6"]
[EventCountry "GER"]
[SourceTitle "Telechess CBM 167"]
[Source "ChessBase"]
[SourceDate "2015.07.13"]
[SourceVersion "1"]
[SourceVersionDate "2015.07.13"]
[SourceQuality "1"]

1. Nf3 c5 2. d4 b6 3. e4 Bb7 4. Bd3 g6 5. c3 cxd4 6. cxd4 Bg7 7. Nc3 Nf6 8. 0-0 0-0 9. Re1 e6 10. Bg5 h6 11. Bh4 g5 12. Bg3 Nh5 13. Bd6 Re8 14. e5 Nf4 15. Bc2 f6 16. Kf1 fxe5 17. Nxe5 Bxg2+ 18. Kg1 Bb7 19. Ng6 Nd5 20. Nxd5 Bxd5 21. Qd3 Qf6 22. Nh8 1-0

[Event "RN-2014-0-00769"]
[Site "LSS email"]
[Date "2014.02.25"]
[Round "?"]
[White "Schuster, Beate"]
[Black "Cherry, Brian"]
[Result "1-0"]
[WhiteElo "655"]
[BlackElo "713"]
[PlyCount "55"]
[EventDate "2014.02.16"]
[EventType "tourn (corr)"]
[EventRounds "6"]
[EventCountry "GER"]
[SourceTitle "Telechess CBM 167"]
[Source "ChessBase"]
[SourceDate "2015.07.13"]
[SourceVersion "1"]
[SourceVersionDate "2015.07.13"]
[SourceQuality "1"]

1. d4 d5 2. c4 e5 3. dxe5 c6 4. cxd5 Qa5+ 5. Nc3 Bb4 6. Bd2 Bxc3 7. Bxc3 Qxd5 8. Qxd5 cxd5 9. e3 Be6 10. Nf3 Ne7 11. Bb5+ Nbc6 12. Nd4 Bd7 13. Nxc6 Bxc6 14. Bxc6+ bxc6 15. Bb4 Rb8 16. a3 Rb7 17. Rc1 a5 18. Bc3 a4 19. Bb4 0-0 20. Bxe7 Rxe7 21. Rxc6 Rxe5 22. 0-0 Rfe8 23. Ra6 Re4 24. Rd1 Rc4 25. g3 Rd8 26. Rd4 h6 27. Rxa4 Rxd4 28. Rxd4 1-0

[Event "ZN-2014-0-02603"]
[Site "LSS email"]
[Date "2014.02.13"]
[Round "?"]
[White "Schuster, Beate"]
[Black "Venturas, Bob"]
[Result "1-0"]
[WhiteElo "858"]
[BlackElo "701"]
[PlyCount "59"]
[EventDate "2014.02.06"]
[EventType "match (corr)"]
[EventRounds "2"]
[EventCountry "GER"]
[SourceTitle "Telechess CBM 167"]
[Source "ChessBase"]
[SourceDate "2015.07.13"]
[SourceVersion "1"]
[SourceVersionDate "2015.07.13"]
[SourceQuality "1"]

1. d4 d5 2. c4 c5 3. e3 Nc6 4. Nc3 cxd4 5. exd4 h6 6. cxd5 Nb8 7. Nf3 Bg4 8. Be2 Nd7 9. Bf4 a6 10. a4 e6 11. dxe6 fxe6 12. 0-0 Ngf6 13. Rc1 Be7 14. Re1 0-0 15. Nh4 Bxe2 16. Nxe2 Qe8 17. Bg3 Nd5 18. Nc3 Qd8 19. Nf3 Bb4 20. Rxe6 N5f6 21. Qe2 Rc8 22. Na2 Ba5 23. Rxc8 Qxc8 24. Bd6 Re8 25. Rxe8+ Nxe8 26. Bf4 Nef6 27. h3 Kf7 28. Ne5+ Kg8 29. Ng6 Bb6 30. Ne7+ 1-0

[Event "ZN-2014-0-02576"]
[Site "LSS email"]
[Date "2014.02.11"]
[Round "?"]
[White "Schuster, Beate"]
[Black "Bokros, Csaba"]
[Result "1-0"]
[WhiteElo "858"]
[BlackElo "697"]
[PlyCount "61"]
[EventDate "2014.01.21"]
[EventType "match (corr)"]
[EventRounds "2"]
[EventCountry "GER"]
[SourceTitle "Telechess CBM 167"]
[Source "ChessBase"]
[SourceDate "2015.07.13"]
[SourceVersion "1"]
[SourceVersionDate "2015.07.13"]
[SourceQuality "1"]

1. d4 e6 2. c4 d5 3. b3 Nf6 4. Nf3 Bb4+ 5. Bd2 Bxd2+ 6. Qxd2 0-0 7. e3 Ne4 8. Qc2 c6 9. cxd5 cxd5 10. Bd3 Nf6 11. 0-0 Nc6 12. a3 a6 13. Nc3 Qc7 14. Na4 Bd7 15. Ne5 b5 16. Nxd7 Nxd7 17. Nc5 Rfe8 18. Rac1 Nf6 19. f3 b4 20. a4 a5 21. g4 h6 22. h4 Qg3+ 23. Qg2 Qxh4 24. Be2 Qg5 25. f4 Qg6 26. Nd3 Nxg4 27. Qxg4 Qxg4+ 28. Bxg4 Ne7 29. Rc7 f5 30. Be2 Ng6 31. Bh5 1-0

[Event "SN-2013-0-00566"]
[Site "LSS email"]
[Date "2014.01.05"]
[Round "?"]
[White "Salinas, Evin"]
[Black "Schuster, Beate"]
[Result "1-0"]
[WhiteElo "740"]
[BlackElo "655"]
[PlyCount "53"]
[EventDate "2013.12.24"]
[EventType "tourn (corr)"]
[EventRounds "6"]
[EventCountry "GER"]
[SourceTitle "Telechess CBM 167"]
[Source "ChessBase"]
[SourceDate "2015.07.13"]
[SourceVersion "1"]
[SourceVersionDate "2015.07.13"]
[SourceQuality "1"]

1. d4 d5 2. b3 Bf5 3. Bb2 Nf6 4. Nf3 e6 5. e3 c5 6. c3 cxd4 7. Nxd4 Bg6 8. Bb5+ Nbd7 9. 0-0 a6 10. Bd3 Bxd3 11. Qxd3 Nc5 12. Qe2 Bd6 13. f3 0-0 14. c4 dxc4 15. Qxc4 Rc8 16. Nd2 Nd5 17. Qe2 Qc7 18. Rac1 Qb8 19. e4 Bxh2+ 20. Kh1 Nf4 21. Qf2 Nfd3 22. Qh4 Bg3 23. Qg4 Nxc1 24. Rxc1 Nd3 25. Rxc8 Rxc8 26. Nc6 Rxc6 27. Qxg7# 1-0